Master guide to income tax / (Record no. 88737)

MARC details
000 -LEADER
fixed length control field 00685nam a22001937a 4500
005 - DATE AND TIME OF LATEST TRANSACTION
control field 20230530150603.0
010 ## - LCCN (DPL NO)
LC control number ENG-110895 ENG-137060
020 ## - INTERNATIONAL STANDARD BOOK NUMBER
International Standard Book Number 9789351432364
Terms of availability 995.00
035 ## - SYSTEM CONTROL NUMBER
System control number EN-94427 EN-120592
037 ## - SOURCE OF ACQUISITION
Source of stock number/acquisition DBAD/PUB
082 ## - DEWEY DECIMAL CLASSIFICATION NUMBER
Classification number 343.54052
100 ## - MAIN ENTRY--PERSONAL NAME
Personal name Bagmar,Sandeep R.
245 ## - TITLE STATEMENT
Title Master guide to income tax /
Statement of responsibility, etc by Sandeep Bagmar R. [and] Sunny Kishore Bilaney; foreworded by Arvind P. Datar
260 ## - PUBLICATION, DISTRIBUTION, ETC. (IMPRINT)
Place of publication, distribution, etc Gurgaon
Name of publisher, distributor, etc Lexis Nexis
Date of publication, distribution, etc 2014
270 ## - ADDRESS
Address 14th Floor, Building No.10, Tower-B, DLF Cyber City, Phase-II
City Gurgaon
Postal code 122002
300 ## - PHYSICAL DESCRIPTION
Extent lviii,587p.
Dimensions 24cm(pbk)
700 ## - ADDED ENTRY--PERSONAL NAME
Personal name Bilaney, Sunny Kishore
942 ## - ADDED ENTRY ELEMENTS (KOHA)
Source of classification or shelving scheme Dewey Decimal Classification
Item type English Books
Call number suffix BAG
Classification part 343.54052
Holdings
Withdrawn status Lost status Not for loan Collection code Home library Current library Date acquired Source of acquisition Cost, normal purchase price Full call number Barcode Copy number Cost, replacement price Koha item type
      Non-fiction Ashok Vihar Ashok Vihar 30/05/2023 DBAD/PUB 995.00 343.54052 BAG EN-120592 1 995.00 English Books
    Not For Loan Non-fiction D.B.Act.Division D.B.Act.Division 17/09/2014 DBAD/PUB 995.00 343.54052 BAG EN-94427 1 995.00 English Books

© Delhi Public Library
Hit Counter
free hit counter